Регионална библиотека "Любен Каравелов" - Русе

Няколко статии по сегашното положение на жените (Запис номер 355296)

MARC детайли
000 -Лидер
Контролно поле с фиксирана дължина nam a22 a 4500
003 - Код на организацията, давaща контролен номер
Контролно поле BLK
005 - Дата и час на последна редакция
Контролно поле 20220222155432.0
008 - Елементи от данни с фиксирана дължина
fixed length control field 200416b bu ||||| |||| 00| 0 bu d
040 ## - Източник на каталожния запис
Идентификатор на билиотеката - собственик на записа BLK
041 ## - Код за език
Код за езика на текст/звукозапис или на отделно заглавие Български
Код за езика КДБФ Български
080 ## - УДК
Текстов определител УДК Женско движение. Женски въпрос. Обществено положение на жената. Равноправие на жената
УДК код - определител по УДК 396
УДК - код + определител 396
139 ## - Редно поле
Авторски знак Ня - Н 99
245 ## - Сведения за заглавието
Заглавие Няколко статии по сегашното положение на жените
260 ## - Област на издателските данни
Място на издаване, разпространение и проч. Русе
Година на издаване 1890
Печатница скоропеч. Спиро Гулабчев
300 ## - Физическа характеристика
Страници 84 с.
Размери/Мащаб 25 см
380 ## - Жанр
Жанр Обществени науки
490 ## - СЕРИИ (Колекции)
9 (RLIN) 435080
Име на серия Колекция Редки и ценни издания
500 ## - Общи забележки
Забележка Екз. с инв. № 268758 на кор. посочена година на изд. 1892.
650 #0 - Допълнително описание по предмет – тема
9 (RLIN) 263706
Основно описание – тема или топоним Женски въпрос
653 #7 - Ключова дума – ненормативна
9 (RLIN) 186584
Ключова дума жени
852 ## - Местоположение
Форматна сигнатура Рб 890
Фондова буква Редки и ценни
852 ## - Местоположение
Форматна сигнатура К 39/Н 99
999 ## - СИСТЕМНИ КОНТРОЛНИ НОМЕРА
Koha biblionumber 355296
Koha biblioitemnumber 355296
942 ## - АРТИКУЛИ
Вид на библиотечния материал Книги
Скрит в OPAC Не
Периодичен библиозапис Да
944 ## - СЪЗДАВАНЕ И РЕДАКЦИЯ на ЗАПИСА
Дата на регистрацията/редакция 2020-04-16
Служител, извършил регистрацията/редакцията Валя Йорданова
999 ## - СИСТЕМНИ КОНТРОЛНИ НОМЕРА
Koha biblioitemnumber 355296
999 ## - СИСТЕМНИ КОНТРОЛНИ НОМЕРА
Koha biblioitemnumber 355296
999 ## - СИСТЕМНИ КОНТРОЛНИ НОМЕРА
Koha biblioitemnumber 355296
Наличности
Код за отписване Код за изгубен артикул Източник на класификационната схема Код за повреда Коз за рестрикции Код за отдаване Артикулен № Име на библиотеката - собственик Име на библиотеката, в която се намира в момента Статус (Текущо местоположение) Дата на вписване в системата Местоположение - отдел Цена в лева Инвентарен номер Систематично азбучна сигнатура Баркод Цена в евро Служебен тип на артикула
  Не е изгубен Universal Decimal Classification Не е повреден само за читалня ползва се в читалня 762569 Регионална библиотека "Любен Каравелов" Русе Регионална библиотека "Любен Каравелов" Русе Краезнание 2020-04-17 Краезнание 0.16 16964/66 К 39/Н 99 900000003836 0.08 Книги
  Не е изгубен Universal Decimal Classification Не е повреден само за читалня Специални фондове ( старопечатни, редки и ценни, фонд М. Арнаудов) 805786 Регионална библиотека "Любен Каравелов" Русе Регионална библиотека "Любен Каравелов" Русе Редки и ценни 2020-12-15 Редки и ценни 0.50 268758 Рб 890 120000268758 0.26 Книги
  Не е изгубен Universal Decimal Classification Не е повреден само за читалня Специални фондове ( старопечатни, редки и ценни, фонд М. Арнаудов) 805787 Регионална библиотека "Любен Каравелов" Русе Регионална библиотека "Любен Каравелов" Русе Редки и ценни 2020-12-15 Редки и ценни 0.16 16960/66 Рб 890 900000043419 0.08 Книги
  Не е изгубен Universal Decimal Classification Не е повреден само за читалня Специални фондове ( старопечатни, редки и ценни, фонд М. Арнаудов) 852639 Регионална библиотека "Любен Каравелов" Русе Регионална библиотека "Любен Каравелов" Русе Редки и ценни 2021-09-17 Редки и ценни 0.06 12531 Рб 890 900000044394 0.03 Книги
Vip Innovations Ltd, Rousse, Bulgaria 2025